Los niños y la ciencia : la aventura de la mano en la masa /

Guardado en:
Autor Principal: Charpak, Georges
Otros Autores: Léna, Pierre, Quéré, Yves, Saltiel, Edith
Formato: Libro
Publicado: Buenos Aires : Siglo Xxi
Series:Ciencia que ladra...serie mayor / dirigida por Diego Golombek
Materias:
Etiquetas: Agregar Etiqueta
Sin Etiquetas, Sea el primero en etiquetar este registro!
LEADER 00874nam a22002535a 4500
001 CEM.cems012127
005 20070713143108.0
008 130507b######################000#0#####d
003 CEMS
020 |a 109871220472 
082 0 4 |a 372.85 
100 1 |a Charpak, Georges 
245 1 0 |a Los niños y la ciencia :  |b la aventura de la mano en la masa /  |c Georges Charpak ; pierre Léna ; yves Quéré ; edith Saltiel 
260 |a Buenos Aires :  |b Siglo Xxi 
300 |a 240 p. 
490 0 |a Ciencia que ladra...serie mayor / dirigida por Diego Golombek 
653 |a Ciencia 
653 |a Ciencia didáctica 
653 |a Material auxiliar de enseñanza 
700 1 |a Léna, Pierre 
700 1 |a Quéré, Yves 
700 1 |a Saltiel, Edith 
859 |a CEMS  |b BIB. CEMS - 11 de abril  |h 372.85  |i Ch913  |p 23363.06  |t Ej.1 
859 |a CEMS  |b BIB. CEMS - 11 de abril  |h 372.85  |i Ch913  |p 24000.07  |t Ej.2